000 01546nam2a2200241 4500
001 RU\NLR\BIBL_A\012095959
005 20250623205705.0
035 _a(NLR Aleph) 012095959
090 _a11880297
_c11880297
100 _a20190918d1893 |||y0rusy50 ca
101 0 _arus
_ager
102 _aRU
105 _aa|||z|||000zy
200 1 _a1893
210 _d1893 (ценз. 1892)
_aБ. м.
215 _a[4], 39 с.
_cил., табл.
_eтребование (1 л.; 44х14)
_eконверт (12х15 см)
300 _aТекст парал. на рус. и нем. яз.
461 0 _1001RU\NLR\BIBL_A\012095942
_12001#$aПрейс-курант семенам огородным, цветочным, экономическим, луговым травам и проч. семянной торговли Г. Фрика С.-Петербург$dPreis-courant gemüse-, blumen-, feld-, und gras-samen der samenhandlung von G. Frick St. Petersburg$zger$v№ 7
_911880205
_cСанктПетербург
_d1893
_lPreis-courant gemüse-, blumen-, feld-, und gras-samen der samenhandlung von G. Frick St. Petersburg
_nТипография Императорской академии наук
_tПрейс-курант семенам огородным, цветочным, экономическим, луговым травам и проч. семянной торговли Г. Фрика С.-Петербург
_v№ 7
852 _aNLR
_j34.48.3.96(7)
942 _cBOOK
980 _aNB